01278naa#a2200229#i#4500001001600000005001700016011001400033100004100047102000700088200014600095210009400241215001100335606005900346608004500405675024500450686005900695686008200754686009000836686004700926700005200973856002301025RU\\bibl\11381520260414101123.2##a1813-4327##a20260330b2026####ek#y0rusy0150####ca##aRU1#aСудебные экспертизы объектов легкорельсового транспортаeЖурнальная статья1#aВолгоградcВолгоградская академия МВД Россииd2026##a16 с.##aСудебная экспертиза. 40.05.032local##aЖурнальная статья2local##aУголовное право. Уголовное судопроизводство. Криминология. Криминалистика. 343aТехническая экспертиза транспортных средств. 343.148.63##aПраво. Юридические науки. 672bbk##aОБЩЕСТВЕННЫЕ НАУКИ. ЭКОНОМИКА. ПРАВО.. 72tbk##aГОСУДАРСТВО И ПРАВО. ЮРИДИЧЕСКИЕ НАУКИ. 10.002grnti##aКриминалистика. 10.852grnti#1aИльинgНиколай Николаевич4#ava-mvd.editorum.ru